1796 1088 1772 1752 1883 1809 1265 1977 1079 1188 1871 1115 1602 1231 1030 1449 1135 1438 1005 1139 1996 1806 1359 1368 1574 1514 1688 1505 1138 1271 1811 1997 1258 1853 1624 1152 1942 1881 1741 1739 1805 1759 1883 1783 1001 1191 1775 1758 1622 1297 1604 1865 1407 1847 1994 1463 1839 1291 1486 1742 1128 1299 1120 1937 1669 1987 1683 1818 1597 1238 1250 1389 1923 1809 1755 1897 1484 1787 1254 1345 1958 1195 1184 1731 1678 1372 1670 1015 1442 1002 1375 1080 1096 1463 1591 1273 1140 1188 1481 BCNSPRNW ULIB Ver.6.0+V

เปลี่ยนเป็นภาษาไทย

Change to English
 แสดงรายละเอียดบรรณานุกรม
  กลับหน้าหลัก

Brief Record : Get Marc (ISO 2709) : E-mail record : QR code < ปิดหน้าต่าง
LEADER : 00000nam 2200000uu 4500
001    13399115020
003     ULIB
008    120703s2552||||th 000 0 tha d
020    ^a9786167098135
050 04 ^aBF689.3^bช274I
100 0  ^aชวนันท์ อมรเศรษฐ์
245 10 ^aI.Q. ยอด E.Q. เยี่ยม พลิกชีวิตสู่ความสุขและความรุ่งโรจน์ /^cชวนันท์ อมรเศรษฐ์
260    ^aกรุงเทพฯ :^bฟีลกูด,^c2552
300    ^a171 หน้า :^bภาพประกอบ
650  7 ^aระดับสติปัญญา
650  7 ^aความฉลาดทางอารมณ์
945    ^p145^l0^i18102
995    ^a เกษร
999    ^aใช้งานได้ทุกระบบ
รายการนี้ยังไม่มีแท็ก
คุณยังไม่ได้ล็อกอิน คุณสามารถมีกิจกรรมร่วมกับเว็บไซต์ได้ แต่ต้องล็อกอินก่อน ::
  ล็อกอิน

รายการสื่อสารสนเทศ

ลำดับที่ ประเภท เลขเรียก/บาร์โค้ด สถานที่ สถานะ
1. วิทยาศาสตร์การแพทย์ และสุขภาพ
วิทยาศาสตร์การแพทย์ และสุขภาพ
BF689.3 ช274I  
  Barcode: 18102
ห้องสมุดวิทยาเขตสวรรค์ประชารักษ์
►นวนิยาย
บนชั้น
  ขอยืม

รายการใกล้เคียง
    ผู้แต่ง [ชวนันท์ อมรเศรษฐ์]

    หัวเรื่อง [ระดับสติปัญญา]
    หัวเรื่อง [ความฉลาดทางอารมณ์]

BibComment


ยังไม่เคยถูกคอมเมนท์

คอมเมนท์ทรัพยากรรายการนี้
  คอมเมนท์: IQ ยอด EQ เยี่ยม..


 Copyright 2026. Bcnsprnw @Library